| 000 | 00436nam a2200181Ia 4500 | ||
|---|---|---|---|
| 001 | 2463 | ||
| 005 | 20260306144809.0 | ||
| 008 | 260306t2012||||xx |||||||||||||| ||spa|| | ||
| 041 | _aESP | ||
| 082 |
_a616.89 _bV23 T. 2 |
||
| 100 |
_aVallejo Ruiloba, Julio _eAUT |
||
| 245 | 0 | _aTratado de psiquiatría | |
| 260 | _c2012 | ||
| 300 |
_apáginas xi, 1748-2576 : _c29 cm. |
||
| 650 | _aGEN | ||
| 654 | _aCPS | ||
| 942 |
_cLIB _dJUS _fJUS _2ddc _n |
||
| 999 |
_c2463 _d2463 |
||